| 000 | 00859cam a2200253ua 4500 | ||
|---|---|---|---|
| 001 | 24481 | ||
| 008 | 190621n II |||gr||||Z||||||eng | ||
| 082 | _a590 | ||
| 245 |
_aA TEXT BOOK OF ZOOLOGY _hTextual Documents |
||
| 250 | _aREP. | ||
| 260 |
_aNEW DELHI _bNCBA (NEW CENTRAL BOOK AGENCY) _c2017. |
||
| 300 |
_a360: _c20CM. |
||
| 500 | _aRUSA | ||
| 653 | _aAnimals (Zoology) | ||
| 700 |
_aGHOSE, DR. K.C., _eAUTHOR. |
||
| 700 |
_aMANNA, DR.B., _eAUTHOR. |
||
| 999 |
_c27729 _d27729 |
||